Actores colectivos y modelos de conflicto en la consolidación democrática mexicana /

Uloženo v:
Podrobná bibliografie
Hlavní autor: Mora Heredia, Juan
Médium: Text
Tagy: Přidat tag
Žádné tagy, Buďte první, kdo vytvoří štítek k tomuto záznamu!

MARC

LEADER 00000 a a2200000 04500
001 16268
003
040
100 |a Mora Heredia, Juan  
245 |a Actores colectivos y modelos de conflicto en la consolidación democrática mexicana /  |c Juan Mora Heredia 
773 |g número 74; páginas 93-100  
999 |c 21545  |d 21545